| 000 | 00361nam a22001457a 4500 | ||
|---|---|---|---|
| 003 | SGT | ||
| 020 | _a978-81-7473-366-5 | ||
| 100 | _aSINHA, SHORADHR | ||
| 245 | _aA TEXT BOOK OF ENVIRONMENT & ECOLOGY FOR PHARMACY STUDIES | ||
| 250 | _a3rd | ||
| 260 |
_aAITBS, PUB. _bDELHI _c2019 |
||
| 650 | _a ENVIRONMENT, ECOLOGY | ||
| 653 | _a ECOLOGY | ||
| 942 |
_2ddc _cBK |
||
| 999 |
_c24667 _d24667 |
||